000 00821nam a22002417a 4500
001 2210
005 20231110110816.0
020 _a9781840896237
040 _aFISKH
_beng
_cFISKH
_dFISKH
082 _a428.6
100 _aSwallow, Su
245 _aA head full of stories /
_cby Su Swallow Illustrated by TIm Archbold
250 _aThis edition published 2010
260 _aLondon :
_bZero to Ten,
_c2010
505 _aB
520 _aIt's Jack's story time but his head is too full of stories So he tries to empty his head, ready for a new one. He tells his Grandma a story, and his brother, even his cat But it doesn't work out quite as he had hoped.
521 _a150
_bLexile
521 _aB
_bRaz-Plus
650 _astory
650 _aFairytale
700 _aArchbold, Tim
_eillustator
942 _2ddc
_cBK
_n0
999 _c2210
_d2210